000 01761cam a2200349 a 4500
001 15203090
003 OSt
005 20260316154156.0
008 080303s2008 ilu b 001 0 eng
010 _a 2008009804
020 _a9781581349801
_qtpb
035 _a15203090
040 _aDLC
_cDLC
_dDLC
050 0 0 _aBT795
_b.B26 2008
082 0 0 _a234/.5
_222
100 1 _aBrauns, Chris,
_d1963-
245 1 0 _aUnpacking forgiveness :
_bbiblical answers for complex questions and deep wounds /
_cChris Brauns.
260 _aWheaton, Ill. :
_bCrossway Books,
_c2008.
300 _a235 p. ;
_c23 cm.
336 _atext
_btxt
_2rdacontent
337 _aunmediated
_bn
_2rdamedia
338 _avolume
_bnc
_2rdacarrier
504 _aIncludes bibliographical references and index.
505 0 _aIntroduction: The forgiveness quiz -- How to begin unpacking -- Motivation to unpack -- Defining forgiveness: the divine pattern -- Defining forgiveness for Christians -- More than a feeling -- The way up is down -- Unpack with great urgency -- Should I just get over it? -- How should I go about it? -- What if I won't forgive? -- How should I respond to the unrepentant? Two principles -- How can I cnoquer bitterness? -- How can I stop thinking about it? -- What if Christians cannot agree? -- Final thoughts.
650 0 _aForgiveness of sin.
650 0 _aForgiveness
_xReligious aspects
_xChristianity.
856 4 1 _3Table of contents only
_uhttp://www.loc.gov/catdir/toc/ecip0813/2008009804.html
906 _a7
_bcbc
_corignew
_d1
_eecip
_f20
_gy-gencatlg
942 _2lcc
_cBK
999 _c21481
_d21480